Capitales mundiales más cercanas a Taipei - Estadísticas

Estadísticas generales
  • Esta prueba ha sido intentada 25 veces
  • La puntuación promedio es 15 de 20
Estadísticas de respuestas
km capital % Correcto
1491 Seúl
100%
1667 Hanói
96%
1722 Pekín
96%
2105 Tokio
96%
1160 Manila
91%
1601 Pionyang
91%
2543 Bangkok
87%
3250 Singapur
87%
2676 Naipyidó
83%
2849 Ulán Bator
78%
2308 Vientián
78%
3829 Yakarta
74%
3155 Daca
70%
3760 Dili
70%
3611 Katmandú
70%
3237 Kuala Lumpur
70%
2310 Nom Pen
65%
3188 Timbu
57%
2348 Bandar Seri Begawan
52%
2395 Ngerulmud
39%
No se encontraron pruebas coincidentes
Distribución de puntuación
Porcentaje de gente con cada puntuación
Porcentaje por número respondido
Historial de tus puntuaciones
No has intentado esta prueba.